000 00797nam a2200253Ia 4500
003 OSt
005 20220924115809.0
006 a|||||r|||| 00| 0
007 ta
008 220923b |||||||| |||| 00| 0 urd d
020 _c200
024 _a289148
037 _b5534/8, 06/03/2009, Modern Publishing House
_cTextual
040 _aARTS
_cARTS
_burd
041 _2urd
_aurd
082 _aO168,3N16:g, P8
100 _aMalik Afsha Au.
_9179624
245 0 _aAfsana Nigar ahmed nadeem qasmi
_b Asar wa afkar
260 _aDelhi
_bEducational publishing house India
_c2008
300 _a272p.
_ccm.
650 _aURDU FICTION
_93298
942 _hO168,3N16:g, P8
_cTEXL
_2CC
999 _c399931
_d399931